[Event "FRA-chT2 1011"]
[Site "France"]
[Date "2010.10.17"]
[Round "1.4"]
[White "Careil, Jerome"]
[Black "Le Goff, Ronan"]
[Result "1/2-1/2"]
[WhiteElo "2087"]
[BlackElo "2029"]
[PlyCount "130"]
[EventDate "2010.10.17"]
[EventType "team-tourn"]
[EventRounds "11"]
[EventCountry "FRA"]
[SourceTitle "EXT 2012"]
[Source "ChessBase"]
[SourceDate "2011.11.24"]
[SourceVersion "1"]
[SourceVersionDate "2011.11.24"]
[SourceQuality "1"]

1. Nf3 Nf6 2. g3 e6 3. c4 d5 4. Bg2 Be7 5. 0-0 0-0 6. d3 c5 7. Nbd2 Nc6 8. a3 b6 9. Rb1 Bb7 10. cxd5 exd5 11. b3 Rc8 12. Bb2 Re8 13. Re1 d4 14. b4 Ba8 15. bxc5 bxc5 16. Nc4 Nd5 17. e4 Nb6 18. Nfd2 Bf8 19. f4 Nxc4 20. Nxc4 Na5 21. Rc1 Rb8 22. Nxa5 Qxa5 23. Rc2 Re6 24. Bc1 Reb6 25. Rce2 Bc6 26. e5 Bd7 27. h3 Rb1 28. g4 Qa6 29. f5 Be7 30. Bd5 R8b6 31. Qd2 Bc6 32. Bxc6 Rxc6 33. f6 Bf8 34. e6 fxe6 35. Rf2 Rb7 36. Ref1 Rcc7 37. Qg5 g6 38. Qe5 Rf7 39. Qe4 Rb3 40. Rf3 Qd6 41. h4 Qd5 42. Qe2 Rb6 43. g5 Bd6 44. h5 Kf8 45. hxg6 hxg6 46. Rh3 Ke8 47. Rh6 Bf8 48. Rxg6 e5 49. Qg4 Qe6 50. Qxe6+ Rxe6 51. Rg8 c4 52. dxc4 e4 53. Kf2 Kd7 54. Ke1 Bd6 55. g6 Bg3+ 56. Kd1 e3 57. Ke2 d3+ 58. Kxd3 e2 59. Re1 Bxe1 60. gxf7 Bb4 61. axb4 e1Q 62. Rd8+ Kc7 63. Rc8+ Kb7 64. Rb8+ Kc7 65. Bf4+ Kd7 1/2-1/2